Dialogo con la arquitectura USA / (Registro nro. 25472)

Detalles MARC
000 -LEADER
fixed length control field 01180nam a2200325 4500
001 - CONTROL NUMBER
control field 0000021563
003 - CONTROL NUMBER IDENTIFIER
control field CO-CtgCURN
005 - DATE AND TIME OF LATEST TRANSACTION
control field 20250331191036.0
007 - PHYSICAL DESCRIPTION FIXED FIELD--GENERAL INFORMATION
fixed length control field ta
008 - FIXED-LENGTH DATA ELEMENTS--GENERAL INFORMATION
fixed length control field 160627s1982 000 0 eng d
020 ## - INTERNATIONAL STANDARD BOOK NUMBER
International Standard Book Number 8425210887
040 ## - CATALOGING SOURCE
Original cataloging agency CO-CtgCURN
Language of cataloging spa
Transcribing agency coctgcurn
082 0# - DEWEY DECIMAL CLASSIFICATION NUMBER
Classification number 720.973
Item number D537
100 1# - MAIN ENTRY--PERSONAL NAME
Personal name Diamonstein, Barbaralee.
245 10 - TITLE STATEMENT
Title Dialogo con la arquitectura USA /
Statement of responsibility, etc. Barbaralee Diamonstein , Introducción de Paul Goldberger , Iris Menendez.
260 ## - PUBLICATION, DISTRIBUTION, ETC.
Place of publication, distribution, etc. Barcelona :
Name of publisher, distributor, etc. Gustavo Gili,
Date of publication, distribution, etc. 1982.
300 ## - PHYSICAL DESCRIPTION
Extent 218 p.
336 ## - CONTENT TYPE
Source rdacontent
337 ## - MEDIA TYPE
Source rdamedia
Media type term sin mediacion
Media type code n
338 ## - CARRIER TYPE
Source rdacarrier
Carrier type term volumen
Carrier type code nc
490 1# - SERIES STATEMENT
Series statement Colección punto y linea
500 ## - GENERAL NOTE
General note Version castellana de Iris Menendez. - Incluye indice.
505 8# - FORMATTED CONTENTS NOTE
Formatted contents note Michael Graves -- Charles Gwathmey -- Richard Meier -- Charles Moore -- I. M. Pei -- Cesar Pelli -- Robert A. M. Stern
534 ## - ORIGINAL VERSION NOTE
Main entry of original American architecture now.
650 14 - SUBJECT ADDED ENTRY--TOPICAL TERM
Topical term or geographic name entry element Arquitectura
Form subdivision Historia
Chronological subdivision Siglo XX
Geographic subdivision Estados Unidos.
700 1# - ADDED ENTRY--PERSONAL NAME
Personal name Goldberger, Paul.
908 ## - PUT COMMAND PARAMETER (RLIN)
Put command parameter 160627
942 ## - ADDED ENTRY ELEMENTS (KOHA)
Koha item type Libros
Classification part 720.973
Item part D537
Source of classification or shelving scheme Dewey Decimal Classification
Existencias
Withdrawn status Lost status Source of classification or shelving scheme Damaged status Not for loan Collection Home library Current library Shelving location Date acquired Inventory number Total checkouts Full call number Barcode Date last seen Price effective from Koha item type Public note
    Dewey Decimal Classification     General Miguel Henríquez Castañeda Miguel Henríquez Castañeda General 03/31/2025 002953   720.973 D537 002953 03/31/2025 03/31/2025 Libros 720-ARQPAI